| 000 | 01047nas a2200325 4500 | ||
|---|---|---|---|
| 001 | BR0703865 | ||
| 003 | BR-BrBNA | ||
| 005 | 20231205110923.0 | ||
| 007 | ta | ||
| 008 | 230509b bl.|||p| |||| 00| 00por d | ||
| 040 |
_aBR-BrBNA _bpor _cBiblioteca Nacional de Agricultura |
||
| 041 | _a(Pt) | ||
| 072 | _aK10; U10 | ||
| 100 | 1 | _aSantana, C. | |
| 100 | 1 | _aMello, A.A. de | |
| 100 | 1 | _aEisfeld, R. de L. | |
| 100 | 1 | _aSanquetta, C.R. | |
| 245 | 1 | _aSistema de equações para simulação do crescimento e da produção em povoamentos de Eucalyptus grandis Hill ex Maiden. Sem desbaste baseado no modelo de Clutter | |
| 650 | _aEUCALYPTUS GRANDIS | ||
| 650 | _aPOVOAMENTO FLORESTAL | ||
| 650 | _aCRESCIMENTO | ||
| 650 | _aPRODUÇÃO FLORESTAL | ||
| 650 | _aMODELO DE SIMULAÇÃO | ||
| 650 | _aVOLUME | ||
| 650 | _aINVENTÁRIO FLORESTAL | ||
| 650 | _aPARANÁ | ||
| 773 | 0 |
_tAmbiência (Brazil) _xISSN 1808-0251 _g(Jul-Dec 2005), v. 1(2) p. 239-256 _wBR0703865 |
|
| 909 |
_a202311 _bLúcia _c55 _dLúcia Elande |
||
| 942 |
_2AGRIS _n0 _cANA |
||
| 999 |
_c189776 _d189776 |
||